Contract management issues for subcontractors (Record no. 64477)
[ view plain ]
| 000 -LEADER | |
|---|---|
| fixed length control field | 01085cam a2200241 4500 |
| 001 - CONTROL NUMBER | |
| control field | ABS62681 |
| 008 - FIXED-LENGTH DATA ELEMENTS--GENERAL INFORMATION | |
| fixed length control field | 000000n2000 000 0 eng u |
| 035 ## - SYSTEM CONTROL NUMBER | |
| System control number | (Sirsi) u107942 |
| 100 ## - MAIN ENTRY--PERSONAL NAME | |
| Personal name | McGuiness, J. |
| 245 ## - TITLE STATEMENT | |
| Title | Contract management issues for subcontractors |
| 260 ## - PUBLICATION, DISTRIBUTION, ETC. | |
| Date of publication, distribution, etc. | 2000 |
| 490 ## - SERIES STATEMENT | |
| Series statement | Construction Information Quarterly |
| Volume/sequential designation | 2(2) July 2000, 19-27(9) |
| 520 ## - SUMMARY, ETC. | |
| Summary, etc. | Provides an introduction to the problems that frequently arise in the course of construction contracts, particularly where a specialist is responsible for design development and on-site installation. Covers enquiry and tender, pre-contract negotiations, the contract, design stage, procurement and manufacture, on-site work, payment, completion, pricing variations, extensions of time, disruption costs and disputes. |
| 590 ## - LOCAL NOTE (RLIN) | |
| Local note | ABS |
| 650 ## - SUBJECT ADDED ENTRY--TOPICAL TERM | |
| Topical term or geographic name entry element | SUBCONTRACTORS |
| 650 ## - SUBJECT ADDED ENTRY--TOPICAL TERM | |
| Topical term or geographic name entry element | CONTRACT MANAGEMENT |
| 650 ## - SUBJECT ADDED ENTRY--TOPICAL TERM | |
| Topical term or geographic name entry element | DISPUTE RESOLUTION |
| 9 (RLIN) | 6236 |
| 650 ## - SUBJECT ADDED ENTRY--TOPICAL TERM | |
| Topical term or geographic name entry element | TENDERING |
| 650 ## - SUBJECT ADDED ENTRY--TOPICAL TERM | |
| Topical term or geographic name entry element | EXTENSIONS OF TIME |
| 650 ## - SUBJECT ADDED ENTRY--TOPICAL TERM | |
| Topical term or geographic name entry element | PRICING VARIATIONS |
| 690 ## - LOCAL SUBJECT ADDED ENTRY--TOPICAL TERM (OCLC, RLIN) | |
| Topical term or geographic name as entry element | BUILT ENVIRONMENT-BUILDING CONTRACT FORMS |
| 942 ## - ADDED ENTRY ELEMENTS (KOHA) | |
| Suppress in OPAC | 0 |
| Withdrawn status | Lost status | Source of classification or shelving scheme | Damaged status | Not for loan | Home library | Current library | Shelving location | Date acquired | Total Checkouts | Full call number | Barcode | Date last seen | Copy number | Price effective from | Koha item type |
|---|---|---|---|---|---|---|---|---|---|---|---|---|---|---|---|
| Dewey Decimal Classification | London | London | Journal article | 22/08/2000 | ABS62681 | 107942-1001 | 06/08/2019 | 1 | 06/08/2019 | Journal article |